Pensamientos verticales

Gespeichert in:
Bibliographische Detailangaben
1. Verfasser: Feldman, Morton (VerfasserIn)
Format: Buch
Sprache:Spanisch
Veröffentlicht: Buenos Aires Caja Negra 2012
Schriftenreihe:Synesthesia, 2
Schlagworte:
Tags: Tag hinzufügen
Keine Tags, Fügen Sie den ersten Tag hinzu!

MARC

LEADER 00000cam a2200000 a 4500
001 UCF8201
003 CL-VaPUC
008 130802e20120000ag |||||||||||||||||spa|d
020 |a 9789871622177 
082 0 4 |a 780.1  |b FEL  |2 21 
100 0 |a Feldman, Morton  |e author  |9 570291 
245 1 0 |a Pensamientos verticales 
300 |a 256 p 
942 |c BK 
945 |d 20130802 12:08:00  |a dcastane 
260 |a Buenos Aires  |b Caja Negra  |c 2012 
650 0 |a Música  |9 306269 
650 0 |a Teoría de la música   |9 492795 
650 0 |a Ensayos  |9 268724 
583 |a last modification  |c 20130802 12:08:00  |k Rodrigo Vera 
490 0 |a Synesthesia, 2 
999 |c 352836  |d 352834 
952 |0 0  |1 0  |4 0  |6 780_100000000000000_FEL_2012  |7 0  |8 R  |9 457552  |a BIBART  |b BIBART  |d 2019-11-22  |i 4994205  |o 780.1 FEL 2012  |p 4994205  |r 2025-03-13  |w 2019-11-22  |y BK_R  |k ART